Разработка требований по созданию передвижной поверочной лаборатории радиотехнических измерений: Промежуточный отчет о НИР

Manylion Llyfryddiaeth
Awdur Corfforaethol: Томский политехнический институт (ТПИ) (595)
Awduron Eraill: Ройтман М. С. Марсель Самуилович (руководитель), Канунов А. И. (исполнитель)
Iaith:Rwseg
Cyhoeddwyd: Томск, 1979
Pynciau:
Fformat: Llyfr
KOHA link:https://koha.lib.tpu.ru/cgi-bin/koha/opac-detail.pl?biblionumber=159175

MARC

LEADER 00000nbm0a2200000 4500
001 159175
005 20231031154946.0
029 0 0 |a SU  |b 80028103  |f ТПУ 
035 |a (RuTPU)RU\TPU\book\172633 
035 |a RU\TPU\book\172549 
090 |a 159175 
100 |a 20090506d1979 k y0rusy50 ca 
101 0 |a rus 
102 |a RU 
105 |a a p 001zy 
200 1 |a Разработка требований по созданию передвижной поверочной лаборатории радиотехнических измерений  |e Промежуточный отчет о НИР  |f Томский политехнический институт (ТПИ) ; руководитель М. С. Ройтман ; А. И. Канунов 
210 |a Томск  |d 1979 
215 |a 31 л. 
320 |a Библиогр.: с. 31. 
610 1 |a отчеты о НИР 
610 1 |a передвижные поверочные лаборатории 
610 1 |a разработка 
610 1 |a требования 
610 1 |a создание 
610 1 |a критерии оптимизации 
610 1 |a оптимальные структуры 
610 1 |a алгоритмы оптимизации 
610 1 |a оптимизация 
610 1 |a радиотехнические измерения 
675 |a 621.396.08(04)  |v 3 
702 1 |a Ройтман  |b М. С.  |c российский ученый  |c радиотехник  |c Заслуженный профессор ТПУ  |f 1933-  |g Марсель Самуилович  |2 stltpush  |3 (RuTPU)RU\TPU\pers\19859  |4 673 
702 1 |a Канунов  |b А. И.  |4 677 
712 0 2 |a Томский политехнический институт (ТПИ)  |c (1944-1991)  |2 stltpush  |3 (RuTPU)RU\TPU\col\1123  |4 595 
801 1 |a RU  |b 63413507  |c 20090504  |g PSBO 
801 2 |a RU  |b 63413507  |c 20090506  |g PSBO 
942 |c BK